Path of enlightenment yoga and meditation teachings of Swami Vivekananda (Record no. 394172)

MARC details
000 -LEADER
fixed length control field 00557 a2200205 4500
005 - DATE & TIME
control field 20260108141536.0
008 - FIXED-LENGTH DATA ELEMENTS--GENERAL INFORMATION
fixed length control field 260105b |||||||| |||| 00| 0 eng d
020 ## - ISBN
International Standard Book Number 9788119051250
Price Rs. 1295.00
040 ## - CATALOGING SOURCE
Original cataloging agency VIVEKANANDA LIBRARY
082 ## - DDC NUMBER
Classification number 294.564
Book Number V837S:P
100 ## - MAIN ENTRY--PERSONAL NAME
Personal name Sondhi, M N
245 ## - TITLE STATEMENT
Title Path of enlightenment yoga and meditation teachings of Swami Vivekananda
260 ## - PUBLICATION, DISTRIBUTION, ETC. (IMPRINT)
Place of publication, distribution, etc New Delhi
Name of publisher, distributor, etc The Readers Paradise
Date of publication, distribution, etc 2023
300 ## - PHYSICAL DESCRIPTION
Pages 272
650 ## - Subject
Subject Religion
650 ## - Subject
Subject Meditation
700 ## - Added Entry Personal Name
Added Entry Personal Name Manoj Singh
700 ## - Added Entry Personal Name
Added Entry Personal Name Behl, Prashant
942 ## - ADDED ENTRY ELEMENTS (KOHA)
Koha item type Books
Holdings
Withdrawn status Lost status Source of classification or shelving scheme Damaged status Not for loan Location (home branch) Sublocation or collection (holding branch) Shelving location Date acquired Koha issues (times borrowed) Koha full call number Accession No. Koha date last seen Koha item type
    Dewey Decimal Classification     VIVEKANANDA LIBRARY VIVEKANANDA LIBRARY Dr. Mangal Sen Chair 12/12/2025   294.564 V837S:P 443616 12/12/2025 Books
© Designed and Maintained by Vivekananda Library, MDU Rohtak